000 00905cam a22002533a 4500
001 7777
003 PGUSA
005 20140828083149.0
008 050301s2005||||xxu|||||s|||||000 | eng d
040 _aPGUSA
_beng
042 _adc
050 4 _aG
100 1 _aKippis, Andrew,
_d1725-1795
245 1 0 _aNarrative of the Voyages Round the World, Performed by Captain James Cook :
_bWith an Account of His Life During the Previous and Intervening Periods
_h[electronic resource] /
_cAndrew Kippis
260 _bProject Gutenberg,
_c2005
506 _aPublic domain in the USA.
516 _aElectronic text
653 _aExplorers -- Great Britain -- Biography -- Early works to 1800
653 _aVoyages around the world -- Early works to 1800
653 _aCook, James, 1728-1779 -- Travel
830 0 _aProject Gutenberg
_v7777
856 4 0 _uhttp://www.gutenberg.org/ebooks/7777
942 _cEB
999 _c237077
_d237077